| 000 -LEADER |
| fixed length control field |
01109pab a2200169 454500 |
| 008 - FIXED-LENGTH DATA ELEMENTS--GENERAL INFORMATION |
| fixed length control field |
180718b2002 xxu||||| |||| 00| 0 eng d |
| 100 ## - MAIN ENTRY--PERSONAL NAME |
| Personal name |
Datta, Abyhijit |
| 245 ## - TITLE STATEMENT |
| Title |
Rent control law and its effect on property tax in India |
| 260 ## - PUBLICATION, DISTRIBUTION, ETC. |
| Date of publication, distribution, etc. |
2002 |
| 300 ## - PHYSICAL DESCRIPTION |
| Extent |
p.51-64. |
| 362 ## - DATES OF PUBLICATION AND/OR SEQUENTIAL DESIGNATION |
| Dates of publication and/or sequential designation |
Jan-Jun |
| 520 ## - SUMMARY, ETC. |
| Summary, etc. |
The paper addresses the public concern regarding the colateral impact of the rent control laws on valuation for property tax. It examines the legal aspects of the linkage between rent control and property tax in India within the board context of property tax reform. A detailed discussion of the various legislative attempts and suggested methods on presumptive determination of the mandated annual rental value follows. The paper concludes by noting that the judiciary has now recognized, twenty years later, that an insertion in the municipal law of a non-obstantate clause would ensure that the rent control laws do not influence municipal assessment of rental value. - Reproduced. |
| 650 ## - SUBJECT ADDED ENTRY--TOPICAL TERM |
| Topical term or geographic name entry element |
Right to property - India |
| 650 ## - SUBJECT ADDED ENTRY--TOPICAL TERM |
| Topical term or geographic name entry element |
Right to property |
| 773 ## - HOST ITEM ENTRY |
| Main entry heading |
Urban India |
| 909 ## - |
| -- |
55344 |